| 000 | 00772nam a2200229 a 4500 | ||
|---|---|---|---|
| 001 | 000019425 | ||
| 005 | 20200929170020.0 | ||
| 008 | 100629s2008 sp abc 000 0 spa d | ||
| 020 | _a9788497645768 | ||
| 040 |
_aDO-SdBNP _bspa _cBNPHU |
||
| 082 |
_a923.14655 _bC366D |
||
| 100 | 1 |
_aDíaz Villanueva, Fernando _941696 |
|
| 245 | 1 | 0 |
_aFernando El Católico / _cFernando Díaz Villanueva. |
| 260 |
_aMadrid : _bEdimat Libros, _c2008. |
||
| 300 |
_a190 p. : _bil. ; map. ; retrs. ; _c21 cm. |
||
| 500 | _aIncluye notas al pie de páginas | ||
| 504 | _aIncluye bibliografías [p. 187] | ||
| 600 | 1 | 4 |
_aFERNANDO _bII _cREY DE ARAGÓN _d1452-1516 _941697 |
| 650 | 4 |
_aEspaña _xHistoria _93057 |
|
| 650 | 4 |
_aEspaña _xHistoria _yREYES CATÓLICOS 1479 -1516 _941698 |
|
| 049 | _aBNPD | ||
| 999 |
_c18941 _d18941 |
||